00747nam a22001937a 450000500170000001000150001702000270003203500140005903700130007308200130008610000250009924501090012426000460023327000800027930000240035994200270038399900190041095201240042920170630114857.0 aENG-119079 a9788192473109c1195.00 aEN-102611 bDBAD/PUB a341.2354 aPatnaik, Saroj Kumar aUnited nations and india in the promotion of social service and social welfare /cby Saroj Kumar Patnaik aNew DelhibSwaraj Book Distributorsc2013 a4648/1,21, (F-8), Jagdamba Bhavan, Ansari Road, Daryaganj, New Delhi-110002 axvi,418pc23cm.(Hb) 2ddccENh341.2354mPAT c142199d142199 001040708NFICaBL4bBL4d2017-06-30eDBAD/PUBg1195.00l0o341.2354 PATpEN-102611r2017-06-30 00:00:00t1195.00yEN